000 00593nam a22002177a 4500
008 150601b xxu||||| |||| 00| 0 eng d
020 _a9780465003457
041 0 _aeng
080 _a33
100 1 _aSowell, Thomas,
245 1 0 _aApplied economics :
_cThomas Sowell.
250 _aRev. and enl. ed.
260 _aNew York :
_bBasic Books,
_cc2009.
300 _a336 f. ;
_c25 cm.
500 _aPreface: f. vii-viii
505 _aIndex: f. 321-336
650 _aEkonomiks
650 _aPolitika Ekonomike
650 _aZhvillimi Ekonomik
942 _2udc
_cBK
999 _c948
_d948